N°1 du Top 50 en 1985 (Mort subite) - Statistiques

Statistiques générales
  • Ce quiz a été pris 61 fois
  • Le résultat moyen est 4 sur 11
Answers on the Grid
Answers color-coded by a green-red scale on the quiz's grid according to % correct below.
Peter et Sloane - Besoin de rien, envie de toi
Ray Parker Jr - Ghostbusters
Jermaine Jackson & Pia Zadora - When the rain begins to fall
Al Corley - Square rooms
Jeanne Mas - Johnny, Johnny
USA for Africa - We are the Word
Chanteurs sans Frontières - Ethiopie
Opus - Live is life
Baltimora - Tarzan boy
Century - Lover why
Jean-Jacques Goldman et Michael Jones - Je te donne
Bibie - Tout doucement
Cookie Dingler - Femme libérée
Gold - Plus prés des étoiles
Jean-Pierre - Macumba
a-ha - Take on me
Madonna - Like a Virgin
Modern Talking - You're my heart, you're my soul
George Michael - Careless Whisper
Marc Lavoine - Elle a les yeux revolver
 
Statistiques - réponses
Réponse % Correct
Chanteurs sans Frontières - Ethiopie
60%
Ray Parker Jr - Ghostbusters
60%
Baltimora - Tarzan boy
40%
Jeanne Mas - Johnny, Johnny
40%
Jermaine Jackson & Pia Zadora - When the rain begins to fall
40%
Opus - Live is life
40%
USA for Africa - We are the Word
40%
Al Corley - Square rooms
20%
Century - Lover why
20%
Jean-Jacques Goldman et Michael Jones - Je te donne
20%
Peter et Sloane - Besoin de rien, envie de toi
20%
Aucun quiz correspondant
Distribution des résultats
% des personnes avec chaque résultat
Percentile par nombre de réponses
Votre historique - résultats
Vous n’avez pas pris ce quiz